000 00657nam a2200241Ia 4500
003 OSt
005 20221007060715.0
006 a|||||r|||| 00| 0
007 ta
008 221006b |||||||| |||| 00| 0 eng d
020 _a0333245210
024 _a12
037 _cReference Collections
040 _aFLL
_cFLL
_beng
041 _2eng
_aeng
082 _a4.6.N7, L9
100 _aBarton Frank
245 0 _aPress of Africa
_b Persecution and Perseverance
260 _aAfrica
_bMacmillan Press Africa
_c1979
300 _a291
_ccm.
942 _h4.6.N7, L9
_cREF
_2CC
999 _c1123170
_d1123170